Флора фанерозоя; Палеонтология Монголии

Detaylı Bibliyografya
Parent link:Палеонтология Монголии/ Российская академия наук (РАН), Палеонтологический институт (ПИН); под ред. А. Ю. Розанова. Флора фанерозоя.— , 2009
Diğer Yazarlar: Дуранте М. В. (редактор), Макулбеков Н. М.
Özet:Том «Флора фанерозоя» многотомного издания «Палеонтология Монголии» содержит результаты многолетних исследований палеоботаников Палеонтологического и Геологического институтов РАН и Палеонтологического центра АН Монголии. Даны описания таксонов от бактерий до высших растений включительно. Приводятся сведения по их стратиграфическому распространению и встречаемости в Монголии. Книга иллюстрирована рисунками и фототаблицами. Для палеоботаников, ботаников, биостратиграфов, геологов.
Dil:Rusça
Baskı/Yayın Bilgisi: 2009
Konular:
Materyal Türü: MixedMaterials Kitap
KOHA link:https://koha.lib.tpu.ru/cgi-bin/koha/opac-detail.pl?biblionumber=184525

MARC

LEADER 00000nam2a2200000 4500
001 184525
005 20231101223843.0
010 |a 9785891184633 
035 |a (RuTPU)RU\TPU\book\200113 
090 |a 184525 
100 |a 20100913d2009 k y0rusy50 ca 
101 0 |a rus 
102 |a RU 
105 |a a z 001zy 
200 0 |a Флора фанерозоя  |f под ред. М. В. Дуранте; Н. М. Макулбекова 
210 |d 2009 
215 |a 356 с.  |c ил. 
320 |a Библиогр.: с. 185-196. 
330 |a Том «Флора фанерозоя» многотомного издания «Палеонтология Монголии» содержит результаты многолетних исследований палеоботаников Палеонтологического и Геологического институтов РАН и Палеонтологического центра АН Монголии. Даны описания таксонов от бактерий до высших растений включительно. Приводятся сведения по их стратиграфическому распространению и встречаемости в Монголии. Книга иллюстрирована рисунками и фототаблицами. Для палеоботаников, ботаников, биостратиграфов, геологов. 
461 1 |0 (RuTPU)RU\TPU\book\212856  |t Палеонтология Монголии  |f Российская академия наук (РАН), Палеонтологический институт (ПИН); под ред. А. Ю. Розанова  |v Флора фанерозоя  |d 2009 
606 1 |a Палеоботаника  |y Монголия  |2 stltpush  |3 (RuTPU)RU\TPU\subj\70552  |9 84780 
610 1 |a палеонтология 
610 1 |a прокариоты 
610 1 |a бактерии 
610 1 |a эвкариоты 
610 1 |a водоросли 
610 1 |a грибы 
610 1 |a высшие растения 
610 1 |a палинокомплексы 
675 |a 561(517)  |v 3 
702 1 |a Дуранте  |b М. В.  |4 340 
702 1 |a Макулбеков  |b Н. М.  |4 340 
801 1 |a RU  |b 63413507  |c 20100913 
801 2 |a RU  |b 63413507  |c 20120305  |g RCR 
942 |c BK 
959 |a 62/20100913  |d 1  |e 0  |f ЧЗТЛ:1